[Event "Kstovo"]
[Site "Kstovo"]
[Date "2011.09.07"]
[Round "5"]
[White "Matveev, Mikhail1111"]
[Black "Podshibikhin, Yuri"]
[Result "0-1"]
[WhiteElo "2118"]
[BlackElo "2031"]
[PlyCount "52"]
[EventDate "2011.09.03"]
[EventType "tourn"]
[EventRounds "9"]
[EventCountry "RUS"]
[SourceTitle "EXT 2013"]
[Source "ChessBase"]
[SourceDate "2012.11.22"]
[SourceVersion "1"]
[SourceVersionDate "2012.11.22"]
[SourceQuality "1"]

1. Nf3 Nf6 2. g3 b6 3. Bg2 Bb7 4. 0-0 e6 5. d3 d5 6. Nbd2 Nbd7 7. c4 Bd6 8. b3 c5 9. Bb2 d4 10. b4 Qc7 11. Nb3 e5 12. b5 0-0 13. a4 a5 14. Nh4 g6 15. e3 Ne8 16. f4 dxe3 17. f5 g5 18. Bxb7 Qxb7 19. Ng2 Nef6 20. Qe2 h6 21. Nxe3 Rfe8 22. Rae1 e4 23. d4 cxd4 24. Bxd4 Ne5 25. Nd2 Bc5 26. Bxc5 bxc5 0-1

[Event "Nizhnij Novgorod op"]
[Site "Nizhnij Novgorod"]
[Date "2010.??.??"]
[Round "?"]
[White "Podshibikhin, Yuri"]
[Black "Mordovchenkov, Nikolay"]
[Result "1-0"]
[WhiteElo "2061"]
[BlackElo "1817"]
[PlyCount "153"]
[EventDate "2010.10.02"]
[EventType "swiss"]
[EventRounds "9"]
[EventCountry "RUS"]
[SourceTitle "EXT 2011"]
[Source "ChessBase"]
[SourceDate "2010.11.26"]
[SourceVersion "1"]
[SourceVersionDate "2010.11.26"]
[SourceQuality "1"]

1. d4 Nf6 2. Nf3 g6 3. c4 Bg7 4. Nc3 0-0 5. e4 d6 6. Be3 Bg4 7. h3 Bd7 8. Qd2 a5 9. Bh6 Nc6 10. Be2 Ne8 11. Rd1 Qc8 12. Bxg7 Kxg7 13. Nd5 Nf6 14. Qe3 Nb4 15. Rd2 Nxa2 16. Nxe7 Qe8 17. Nf5+ Bxf5 18. exf5 Qxe3 19. fxe3 Ne4 20. Rd1 Ng3 21. Rg1 Nxf5 22. Kf2 Rfe8 23. Rd3 Nb4 24. Rc3 c5 25. g4 cxd4 26. exd4 Ne7 27. Rd1 Nec6 28. d5 Na2 29. Ra3 Ncb4 30. Nd4 b6 31. Nb5 Rad8 32. Bf3 Re5 33. Ra1 Nc2 34. R1xa2 Nxa3 35. Rxa3 Kf6 36. Nd4 Rd7 37. Nc6 Re8 38. Rb3 Rb7 39. Nxa5 Rbb8 40. Nc6 Rb7 41. Rb5 Kg5 42. Nd4 Kf4 43. Rb3 h6 44. Bg2 Kg5 45. Kg3 Kf6 46. Nc6 Re2 47. Bf1 Re1 48. Kf2 Re8 49. Ra3 Rh8 50. h4 Re8 51. Rf3+ Kg7 52. g5 hxg5 53. hxg5 Re4 54. Kg3 Re1 55. Bh3 Rc1 56. b3 Rg1+ 57. Kf4 f6 58. gxf6+ Kxf6 59. Nd4 Rh7 60. Ke4+ Ke7 61. Nc6+ Ke8 62. Kd3 Rh4 63. Kc3 g5 64. Be6 Rf4 65. Rh3 Rh4 66. Re3 Kf8 67. Bd7 g4 68. Re4 Rg3+ 69. Kb4 Rhh3 70. Rf4+ Kg7 71. Rxg4+ Rxg4 72. Bxg4 Rg3 73. Bd7 Kf6 74. Nd4 Ke5 75. Ne6 Re3 76. Ba4 Rg3 77. Kb5 1-0

[Event "Nizhnij Novgorod op"]
[Site "Nizhnij Novgorod"]
[Date "2010.??.??"]
[Round "?"]
[White "Podshibikhin, Yuri"]
[Black "Pashkin, Viktor"]
[Result "1-0"]
[WhiteElo "2061"]
[BlackElo "1844"]
[PlyCount "83"]
[EventDate "2010.10.02"]
[EventType "swiss"]
[EventRounds "9"]
[EventCountry "RUS"]
[SourceTitle "EXT 2011"]
[Source "ChessBase"]
[SourceDate "2010.11.26"]
[SourceVersion "1"]
[SourceVersionDate "2010.11.26"]
[SourceQuality "1"]

1. d4 f5 2. g3 Nf6 3. Bg2 e6 4. b3 c5 5. Bb2 Nc6 6. Nf3 Qb6 7. 0-0 c4 8. Nbd2 d5 9. Rb1 cxb3 10. axb3 Bd6 11. c4 Qd8 12. c5 Bc7 13. Re1 Ba5 14. e3 Bb4 15. Qc1 0-0 16. Bc3 a5 17. Ra1 Bd7 18. Bxb4 Nxb4 19. Ne5 Bb5 20. Qb1 Ne4 21. Ndf3 g5 22. Qb2 g4 23. Nd2 h5 24. f3 Ng5 25. Qc3 Nc6 26. Ng6 Rf6 27. Nf4 Rh6 28. h4 gxh3 29. Bh1 Qc7 30. Ra2 Kh7 31. Nf1 Rg8 32. Nh2 Nb4 33. Rd2 Nf7 34. Kf2 Qd8 35. Rg1 Rg7 36. Nxh3 Qc7 37. Nf4 h4 38. g4 h3 39. Ke1 Rh4 40. Nxe6 Qb8 41. Nxg7 Kxg7 42. gxf5+ 1-0

[Event "Nizhnij Novgorod Dubinin Memorial 16th"]
[Site "Nizhnij Novgorod"]
[Date "2009.01.04"]
[Round "2"]
[White "Smirnova, Anastasia"]
[Black "Podshibikhin, Yuri"]
[Result "0-1"]
[WhiteElo "1948"]
[BlackElo "2053"]
[PlyCount "34"]
[EventDate "2009.01.03"]
[EventType "swiss"]
[EventRounds "9"]
[EventCountry "RUS"]
[SourceTitle "EXT 2010"]
[Source "ChessBase"]
[SourceDate "2010.11.25"]
[SourceVersion "1"]
[SourceVersionDate "2010.11.25"]
[SourceQuality "1"]

1. d4 d5 2. Nf3 Nf6 3. c4 e6 4. Nc3 c6 5. Bg5 Bd6 6. e3 Nbd7 7. Bd3 Qa5 8. Bxf6 Nxf6 9. 0-0 dxc4 10. Bxc4 0-0 11. Qc2 Qh5 12. Ne4 Nxe4 13. Qxe4 f5 14. Qh4 Qxh4 15. Nxh4 g5 16. Nf3 g4 17. Ne5 Bxe5 0-1

[Event "Nizhnij Novgorod Dubinin Memorial 16th"]
[Site "Nizhnij Novgorod"]
[Date "2009.01.03"]
[Round "1"]
[White "Podshibikhin, Yuri"]
[Black "Gaskarova, Ekaterina"]
[Result "1/2-1/2"]
[WhiteElo "2053"]
[BlackElo "1676"]
[PlyCount "40"]
[EventDate "2009.01.03"]
[EventType "swiss"]
[EventRounds "9"]
[EventCountry "RUS"]
[SourceTitle "EXT 2010"]
[Source "ChessBase"]
[SourceDate "2010.11.25"]
[SourceVersion "1"]
[SourceVersionDate "2010.11.25"]
[SourceQuality "1"]

1. d4 d5 2. c4 e6 3. Nc3 Nf6 4. Bg5 Be7 5. Nf3 0-0 6. e3 Nbd7 7. Rc1 dxc4 8. Bxc4 c5 9. 0-0 cxd4 10. exd4 Nb6 11. Bb3 h6 12. Bh4 Nbd5 13. Re1 Re8 14. Ne5 Bd7 15. Nxd5 Nxd5 16. Qf3 f6 17. Bxd5 fxe5 18. Bxe7 Qxe7 19. Bxb7 Rab8 20. Rc7 Qd6 1/2-1/2

[Event "Nizhnij Novgorod-ch 60th"]
[Site "Nizhnij Novgorod"]
[Date "2008.03.??"]
[Round "?"]
[White "Podshibikhin, Yuri"]
[Black "Krashenov, Valery"]
[Result "0-1"]
[WhiteElo "2133"]
[BlackElo "1939"]
[PlyCount "104"]
[EventDate "2008.03.??"]
[EventType "swiss"]
[EventRounds "9"]
[EventCountry "RUS"]
[SourceTitle "EXT 2010"]
[Source "ChessBase"]
[SourceDate "2010.11.25"]
[SourceVersion "1"]
[SourceVersionDate "2010.11.25"]
[SourceQuality "1"]

1. d4 d5 2. c4 e6 3. Nc3 Nf6 4. Nf3 Be7 5. Qc2 Nbd7 6. a3 b6 7. cxd5 exd5 8. Nxd5 c5 9. Nxe7 Qxe7 10. dxc5 Nxc5 11. b4 Ncd7 12. g3 Bb7 13. Bg2 0-0 14. 0-0 Rac8 15. Qb2 Be4 16. Nd4 Bxg2 17. Kxg2 Qe4+ 18. f3 Qd5 19. e4 Qh5 20. Nf5 Kh8 21. Rd1 Rfd8 22. Bf4 Ne8 23. Rd2 Ndf6 24. h3 Ng8 25. Rad1 Rxd2+ 26. Rxd2 Qg6 27. Rd7 a6 28. Be5 h5 29. h4 Kh7 30. Nd6 Nxd6 31. Rxd6 f6 32. Rxb6 Qe8 33. Bd4 Rc4 34. Bf2 Qc8 35. Qe2 Ne7 36. Bc5 Rc3 37. Rxa6 Ng6 38. Rd6 Ne5 39. f4 Ng4 40. Rd5 Qe8 41. Rd8 Qb5 42. Rd2 Qa4 43. Rd5 Rc2 44. Rd2 Rc3 45. Bf2 Qxa3 46. Qb5 Qc1 47. Qxh5+ Nh6 48. Qe2 Rb3 49. b5 Rb1 50. Be3 Qh1+ 51. Kf2 Ng4+ 52. Qxg4 Qf1# 0-1

[Event "Nizhnij Novgorod Dubinin Memorial 15th"]
[Site "Nizhnij Novgorod"]
[Date "2008.01.??"]
[Round "?"]
[White "Belenov, Dmitry N"]
[Black "Podshibikhin, Yuri"]
[Result "1-0"]
[WhiteElo "2338"]
[BlackElo "2133"]
[PlyCount "111"]
[EventDate "2008.01.??"]
[EventType "swiss"]
[EventRounds "9"]
[EventCountry "RUS"]
[SourceTitle "CBM 122 Extra"]
[Source "ChessBase"]
[SourceDate "2008.03.04"]
[SourceVersion "1"]
[SourceVersionDate "2008.03.04"]
[SourceQuality "1"]

1. d4 Nf6 2. Nf3 e6 3. Bg5 d5 4. e3 Bd6 5. Nbd2 Nbd7 6. c3 0-0 7. Bd3 e5 8. dxe5 Nxe5 9. Nxe5 Bxe5 10. Nf3 Bd6 11. Qc2 h6 12. Bh4 c6 13. h3 Re8 14. Bxf6 Qxf6 15. 0-0-0 b5 16. Nd4 Bd7 17. Bf5 Bxf5 18. Qxf5 Qxf5 19. Nxf5 Bf8 20. Kc2 a6 21. Rhe1 Rac8 22. a3 Re5 23. Nd4 g6 24. b4 Kg7 25. Kb2 Be7 26. Rd2 h5 27. Ra1 c5 28. Nb3 Kf6 29. Rad1 Ke6 30. Nc1 c4 31. Ne2 g5 32. Nd4+ Kf6 33. Nf3 Rf5 34. Rxd5 Rxd5 35. Rxd5 Ke6 36. e4 f6 37. Nd4+ Kf7 38. Rd7 Rd8 39. Ra7 Rd6 40. Kc2 Kf8 41. Nf5 Re6 42. Rxe7 Rxe7 43. Nxe7 Kxe7 44. Kd2 Ke6 45. Ke3 Ke5 46. g3 g4 47. hxg4 hxg4 48. f3 gxf3 49. Kxf3 f5 50. exf5 Kxf5 51. g4+ Kg5 52. Kg3 Kg6 53. Kf4 Kf6 54. g5+ Kg6 55. Kg4 Kg7 56. Kf5 1-0

[Event "Nizhnij Novgorod Dubinin Memorial 15th"]
[Site "Nizhnij Novgorod"]
[Date "2008.01.??"]
[Round "?"]
[White "Podshibikhin, Yuri"]
[Black "Grushin, Stanislav"]
[Result "1-0"]
[WhiteElo "2133"]
[BlackElo "1965"]
[PlyCount "117"]
[EventDate "2008.01.??"]
[EventType "swiss"]
[EventRounds "9"]
[EventCountry "RUS"]
[SourceTitle "CBM 122 Extra"]
[Source "ChessBase"]
[SourceDate "2008.03.04"]
[SourceVersion "1"]
[SourceVersionDate "2008.03.04"]
[SourceQuality "1"]

1. d4 c5 2. d5 d6 3. c4 g6 4. Nc3 Bg7 5. Bd2 Nf6 6. e4 0-0 7. Bd3 Na6 8. Nge2 Nc7 9. 0-0 Bd7 10. Ng3 a6 11. Rb1 b5 12. b3 b4 13. Nce2 a5 14. h3 a4 15. Nc1 Qc8 16. Kh2 e6 17. Bf4 Nfe8 18. Qd2 Bc3 19. Qc2 Bg7 20. Qd2 Bc3 21. Qc2 Bg7 22. Nge2 e5 23. Be3 h6 24. Qd2 Kh7 25. g4 g5 26. Ng3 Nf6 27. f3 Ng8 28. Kg2 Ne7 29. Nh5 Ng6 30. Kg3 Ne8 31. Rh1 Nf4 32. Nxg7 Kxg7 33. h4 Nc7 34. hxg5 hxg5 35. Ne2 f6 36. Rh2 Rh8 37. Rbh1 Rxh2 38. Rxh2 Be8 39. Bxf4 exf4+ 40. Nxf4 axb3 41. axb3 Ra2 42. Qxa2 gxf4+ 43. Kxf4 Bg6 44. Kg3 Qe8 45. Qd2 Qe5+ 46. Qf4 Qa1 47. Qd2 Qg1+ 48. Rg2 Qd4 49. Bc2 Qe5+ 50. f4 Qa1 51. f5 Bf7 52. Qf4 Qe1+ 53. Kh3 Qh1+ 54. Rh2 Qe1 55. Qxd6 Qe3+ 56. Qg3 Qh6+ 57. Kg2 Qd2+ 58. Qf2 Qc3 59. d6 1-0